000 00977nam a22002897a 4500
001 BR9204017
003 BR-BrBNA
005 20230928093644.0
007 ta
008 230509b bl.||||| |||| 00| 0 por d
040 _aBR-BrBNA
_bpor
_cBiblioteca Nacional de Agricultura
041 _a(Por)
072 _aL53
_b5190
090 _ 5190 BR9204017
100 1 _aGastal, M.M.F.O.
110 1 _aUniversidade Federal de Minas Gerais, Belo Horizonte (Brasil). Escola de Veterinaria
_0Tese (Mestre em Medicina Veterinaria)
245 1 _aEstudo das caracteristicas seminais e do comportamento sexual de jumentos
246 1 _a[Seminal study and sexual behaviour of the hinnies!
260 3 _aBelo Horizonte, MG (Brasil):
_c1991.
300 _a121 p.
500 _aBibliography p. 95-105 (87 ref.); Summary (Por); 21 tables; 21 graphs
650 _aJUMENTO
650 _aCOMPORTAMENTO SEXUAL
650 _aSEMEN
909 _a202309
_bLucia
_c55
_dLucia Elande
942 _cBK
999 _c46287
_d46287